| 000 | 00527cam a2200193 4500 | ||
|---|---|---|---|
| 001 | 3444 | ||
| 005 | 20181127171219.0 | ||
| 008 | 830922s1984 nyu 000 0 eng | ||
| 010 | _a 83019510 | ||
| 020 |
_a0394529049 _c |
||
| 020 |
_a0394713400 (pbk.) _c |
||
| 100 | 1 |
_aFoucault, Michel, _d1926-1984. |
|
| 245 | 1 | 4 |
_aThe Foucault reader / _cedited by Paul Rabinow. |
| 250 | _a1st ed. | ||
| 260 |
_aNew Delhi : _bPenguin Books, _c1991. |
||
| 300 |
_aviii, 390 p. ; _c21 cm. |
||
| 650 | 0 | _aPhilosophy. | |
| 700 | 1 | _aRabinow, Paul. | |
| 999 |
_c2788 _d2788 |
||